[Event "De Verteuil Memorial 27th"]
[Site "Port of Spain"]
[Date "2019.11.07"]
[Round "4"]
[White "Johnson, Joshua"]
[Black "Khafra, Enen Sa Te Faab"]
[Result "1-0"]
[WhiteElo "2185"]
[BlackElo "1656"]
[PlyCount "55"]
[EventDate "2019.10.24"]
[EventType "swiss"]
[EventRounds "7"]
[EventCountry "TRI"]
[SourceTitle "CBM 195 Extra"]
[Source "ChessBase"]
[SourceDate "2020.05.31"]
[SourceVersion "1"]
[SourceVersionDate "2020.05.31"]
[SourceQuality "1"]

1. g3 Nf6 2. Bg2 d5 3. d4 c6 4. Nf3 g6 5. 0-0 Bg7 6. Nbd2 0-0 7. c3 Nbd7 8. Re1 h6 9. e4 dxe4 10. Nxe4 Nxe4 11. Rxe4 Nf6 12. Re1 Be6 13. Rxe6 fxe6 14. Qb3 Qc8 15. Bd2 Ne4 16. Re1 Rxf3 17. Rxe4 Rf6 18. Bh3 Kf7 19. Bg4 Qd7 20. Bf4 Qd5 21. Qc2 Rf5 22. a3 b5 23. Re3 Rh8 24. h4 g5 25. Be5 Bxe5 26. Bxf5 exf5 27. Rxe5 Qa2 28. Qxf5+ 1-0